书目信息 |
| 题名: |
大学物理导读
|
|
| 作者: | 石永锋 , 杜娟 主编 | |
| 分册: | ||
| 出版信息: | 北京 中国水利水电出版社 2019重印 |
|
| 页数: | 268页 | |
| 开本: | 26cm | |
| 丛书名: | ||
| 单 册: | ||
| 中图分类: | O4-42 | |
| 科图分类: | ||
| 主题词: | 物理学--wu li xue--高等学校--教学参考资料 | |
| 电子资源: | ||
| ISBN: | 978-7-5084-9532-3 | |
| 000 | 01297nam0 2200301 45 | |
| 001 | 012001002811 | |
| 005 | 20140101163642.0 | |
| 010 | @a978-7-5084-9532-3@b上册@dCNY39.00 | |
| 099 | @aCAL 012012190756 | |
| 100 | @a20040101d2012 ekmy0chiy50 ea | |
| 101 | 0 | @achi |
| 102 | @aCN@b110000 | |
| 105 | @aak a 000yy | |
| 106 | @ar | |
| 200 | 1 | @a大学物理导读@Ada xue wu li dao du@f主编石永锋,杜娟 |
| 210 | @a北京@c中国水利水电出版社@d2019重印 | |
| 215 | @a268页@c图@d26cm | |
| 311 | @a本书是与石永锋叶必卿主编的《大学物理》(上、下册)相对应的辅导教材 | |
| 320 | @a有书目 (第268页) | |
| 330 | @a本书是与石永锋叶必卿主编的《大学物理》(上、下册)相对应的辅导教材,其中包括基本内容、思考与讨论题目的详解、课后习题详解和自我检测题四个部分。基本内容部分是对各章知识点的概括和总结,便于读者对知识的融会贯通;思考与讨论题目详解部分对思考与讨论题目进行了比较详细的解答;课后习题详解部分对各章后的习题作了比较细致的分析和解答;自我检测题部分是为了读者自己检验学习情况而编写的。 | |
| 333 | @a普通高等教育“十二五”规划教材 | |
| 488 | 0 | @12001@a大学物理@1701 0@a石永锋@1701 0@a叶必卿 |
| 606 | 0 | @a物理学@Awu li xue@x高等学校@j教学参考资料 |
| 690 | @aO4-42@v5 | |
| 701 | 0 | @a石永锋@4主编 |
| 701 | 0 | @a杜娟@4主编 |
| 801 | 0 | @aCN@b北京卓展@c20191020 |
| 905 | @b1204450-3@dO4-42@e1007@f4 | |
| 大学物理导读/主编石永锋,杜娟.-北京:中国水利水电出版社,2019重印 |
| 268页:图;26cm |
| 使用对象:普通高等教育“十二五”规划教材 |
| ISBN 978-7-5084-9532-3(上册):CNY39.00 |
| 本书是与石永锋叶必卿主编的《大学物理》(上、下册)相对应的辅导教材,其中包括基本内容、思考与讨论题目的详解、课后习题详解和自我检测题四个部分。基本内容部分是对各章知识点的概括和总结,便于读者对知识的融会贯通;思考与讨论题目详解部分对思考与讨论题目进行了比较详细的解答;课后习题详解部分对各章后的习题作了比较细致的分析和解答;自我检测题部分是为了读者自己检验学习情况而编写的。 |
| ● |
| 相关链接 |
|
|
|
|
正题名:大学物理导读
索取号:O4-42/1007
 
预约/预借
| 序号 | 登录号 | 条形码 | 馆藏地/架位号 | 状态 | 备注 |
| 1 | 1204450 | 212044508 | 第二样本阅览室/ [索取号:O4-42/1007] | 在馆 | |
| 2 | 1204451 | 212044517 | 第三借阅区/ [索取号:O4-42/1007] | 在馆 | |
| 3 | 1204452 | 212044526 | 第三借阅区/ [索取号:O4-42/1007] | 在馆 | |
| 4 | 1204453 | 212044535 | 第三借阅区/ [索取号:O4-42/1007] | 在馆 |